[Event "Titled Tuesday intern op 02nd May Early"]
[Site "Chess.com INT"]
[Date "2023.05.02"]
[Round "5"]
[White "Kyrychenko, Maryan"]
[Black "Wessendorf, Thomas"]
[Result "1-0"]
[WhiteElo "2130"]
[BlackElo "2273"]
[PlyCount "79"]
[EventDate "2023.05.02"]
[EventType "swiss (blitz)"]
[EventRounds "11"]
[EventCountry "USA"]
[SourceTitle "EXT 2024"]
[Source "ChessBase"]
[SourceDate "2023.10.10"]
[SourceVersion "1"]
[SourceVersionDate "2023.10.10"]
[SourceQuality "1"]

1. e4 c5 2. Nc3 a6 3. f4 e6 4. Nf3 Nc6 5. Be2 b5 6. 0-0 Bb7 7. d3 b4 8. Nb1 Nf6 9. Kh1 Be7 10. Be3 d5 11. exd5 Nxd5 12. Qd2 Nxe3 13. Qxe3 0-0 14. Nbd2 Bf6 15. Rab1 Nd4 16. Bd1 Qc7 17. Ne4 Be7 18. c3 Nxf3 19. Bxf3 a5 20. Rbc1 bxc3 21. Rxc3 Qb6 22. b3 a4 23. Rfc1 Bd5 24. Nxc5 Bxf3 25. Qxf3 axb3 26. axb3 Rad8 27. Ne4 Bb4 28. Rc4 Be7 29. b4 Rd5 30. h3 g6 31. Rc7 Bxb4 32. Nf6+ Kg7 33. Nxd5 exd5 34. Qxd5 Qe3 35. Qe5+ Qxe5 36. fxe5 Bd2 37. Rf1 g5 38. d4 Bf4 39. Rf3 Rd8 40. g3 1-0

[Event "Titled Tuesday intern op 02nd May Early"]
[Site "Chess.com INT"]
[Date "2023.05.02"]
[Round "8"]
[White "Sowinski, Pawel"]
[Black "Kyrychenko, Maryan"]
[Result "1-0"]
[WhiteElo "2313"]
[BlackElo "2130"]
[PlyCount "73"]
[EventDate "2023.05.02"]
[EventType "swiss (blitz)"]
[EventRounds "11"]
[EventCountry "USA"]
[SourceTitle "EXT 2024"]
[Source "ChessBase"]
[SourceDate "2023.10.10"]
[SourceVersion "1"]
[SourceVersionDate "2023.10.10"]
[SourceQuality "1"]

1. c4 b6 2. d4 Bb7 3. Nc3 e6 4. e4 Bb4 5. Bd3 Ne7 6. Nf3 c5 7. 0-0 Bxc3 8. bxc3 d6 9. d5 e5 10. Be3 Nd7 11. Nd2 Qc7 12. f4 0-0-0 13. a4 a5 14. Rb1 Rdf8 15. Rb2 f5 16. fxe5 Nxe5 17. Bc2 fxe4 18. Bxe4 Ba6 19. Bf4 Nxc4 20. Nxc4 Bxc4 21. Rff2 Kb7 22. h3 h6 23. Bg3 Qd7 24. Kh2 g6 25. Rbd2 Nf5 26. Bxf5 Rxf5 27. Rxf5 Qxf5 28. Bxd6 Rd8 29. Bg3 Rxd5 30. Qe1 Rxd2 31. Qxd2 h5 32. Qd6 Bd5 33. Qb8+ Ka6 34. Bc7 Bb7 35. Qe8 Qf1 36. Qxg6 h4 37. Qxb6# 1-0

[Event "Titled Tuesday intern op 25th Apr Early"]
[Site "Chess.com INT"]
[Date "2023.04.25"]
[Round "10"]
[White "Galchenko, Matvey"]
[Black "Kyrychenko, Maryan"]
[Result "1-0"]
[WhiteElo "2442"]
[BlackElo "2130"]
[PlyCount "67"]
[EventDate "2023.04.25"]
[EventType "swiss (blitz)"]
[EventRounds "11"]
[EventCountry "USA"]
[SourceTitle "EXT 2024"]
[Source "ChessBase"]
[SourceDate "2023.10.10"]
[SourceVersion "1"]
[SourceVersionDate "2023.10.10"]
[SourceQuality "1"]

1. f4 d5 2. Nf3 c5 3. g3 Nc6 4. Bg2 Nf6 5. 0-0 h5 6. d3 Bf5 7. Nc3 e6 8. Qe1 Nd4 9. Qd1 Nxf3+ 10. Bxf3 d4 11. e4 dxc3 12. exf5 Qd4+ 13. Kh1 cxb2 14. Bxb2 Qxb2 15. Rb1 Qd4 16. Bxb7 Rd8 17. Bc6+ Nd7 18. fxe6 fxe6 19. Qe2 Qd6 20. Be4 Be7 21. Rb7 c4 22. Rxa7 h4 23. g4 h3 24. g5 Rb8 25. dxc4 Rh4 26. Rd1 Qxf4 27. Bg6+ Kf8 28. Raxd7 Bc5 29. Rf1 Kg8 30. Rxf4 Rxf4 31. Qxe6+ Kh8 32. Qxh3+ Kg8 33. Qh7+ Kf8 34. Qh8# 1-0

[Event "Titled Tuesday intern op 25th Apr Early"]
[Site "Chess.com INT"]
[Date "2023.04.25"]
[Round "3"]
[White "Kyrychenko, Maryan"]
[Black "Bryakin, Mikhail"]
[Result "0-1"]
[WhiteElo "2130"]
[BlackElo "2469"]
[PlyCount "106"]
[EventDate "2023.04.25"]
[EventType "swiss (blitz)"]
[EventRounds "11"]
[EventCountry "USA"]
[SourceTitle "EXT 2024"]
[Source "ChessBase"]
[SourceDate "2023.10.10"]
[SourceVersion "1"]
[SourceVersionDate "2023.10.10"]
[SourceQuality "1"]

1. e4 d6 2. d4 Nf6 3. Nc3 e5 4. dxe5 dxe5 5. Qxd8+ Kxd8 6. Bg5 c6 7. 0-0-0+ Nbd7 8. f4 Ke8 9. Nf3 Be7 10. fxe5 Ng4 11. e6 fxe6 12. Rd2 Bxg5 13. Nxg5 Nde5 14. Be2 h6 15. Nf3 Rf8 16. h3 Nxf3 17. gxf3 Ne5 18. h4 Bd7 19. Rg1 g6 20. Rg3 Ke7 21. Nd1 Rf4 22. Rh3 Raf8 23. Rg3 R8f6 24. Ne3 Rxh4 25. b3 g5 26. Rd1 Be8 27. Kb2 Bh5 28. Rf1 Rh2 29. Bd1 a5 30. Kc3 b5 31. Kd4 Kd6 32. a3 c5+ 33. Kc3 b4+ 34. axb4 axb4+ 35. Kb2 Ke7 36. Kc1 Rf8 37. Kb2 Rd8 38. Kc1 Ra8 39. Kb2 Rd8 40. Kc1 Rd4 41. Kb2 Nd3+ 42. Kb1 Nf4 43. Re1 Bg6 44. Ng4 Rh4 45. Ne5 Be8 46. Be2 Rh2 47. Bc4 Rdd2 48. Nd3 Rxc2 49. Nxc5 Rb2+ 50. Kc1 Rhc2+ 51. Kd1 Rc3 52. Rgg1 Bh5 53. Na4 Bxf3+ 0-1

[Event "Titled Tuesday intern op 25th Apr Late"]
[Site "Chess.com INT"]
[Date "2023.04.25"]
[Round "10"]
[White "Kyrychenko, Maryan"]
[Black "Deviprasath, Sharvesh"]
[Result "1/2-1/2"]
[WhiteElo "2130"]
[BlackElo "2296"]
[PlyCount "59"]
[EventDate "2023.04.25"]
[EventType "swiss (blitz)"]
[EventRounds "11"]
[EventCountry "USA"]
[SourceTitle "EXT 2024"]
[Source "ChessBase"]
[SourceDate "2023.10.10"]
[SourceVersion "1"]
[SourceVersionDate "2023.10.10"]
[SourceQuality "1"]

1. e4 c5 2. Nc3 Nc6 3. f4 d6 4. Nf3 g6 5. Bb5 Bd7 6. 0-0 Bg7 7. d3 Nf6 8. Bxc6 Bxc6 9. Qe1 0-0 10. f5 e6 11. Qh4 exf5 12. exf5 Re8 13. Bg5 gxf5 14. Rae1 Re6 15. Ne2 Bxf3 16. Rxf3 Qe7 17. Rxf5 Rxe2 18. Rxe2 Qxe2 19. Bxf6 Qe3+ 20. Qf2 Qc1+ 21. Qf1 Qe3+ 22. Kh1 Bxf6 23. Rxf6 Re8 24. Rxf7 Qd2 25. Rf2 Re1 26. Rf8+ Kg7 27. Rf7+ Kg8 28. Rf8+ Kg7 29. Rf7+ Kg8 30. Rf8+ 1/2-1/2

[Event "Titled Tuesday intern op 25th Apr Early"]
[Site "Chess.com INT"]
[Date "2023.04.25"]
[Round "2"]
[White "Kyrychenko, Maryan"]
[Black "Gunina, Valentina"]
[Result "1/2-1/2"]
[WhiteElo "2130"]
[BlackElo "2469"]
[PlyCount "88"]
[EventDate "2023.04.25"]
[EventType "swiss (blitz)"]
[EventRounds "11"]
[EventCountry "USA"]
[SourceTitle "EXT 2024"]
[Source "ChessBase"]
[SourceDate "2023.10.10"]
[SourceVersion "1"]
[SourceVersionDate "2023.10.10"]
[SourceQuality "1"]

1. e4 c6 2. d4 d5 3. e5 c5 4. dxc5 e6 5. a3 Bxc5 6. b4 Bb6 7. Bb2 Ne7 8. Nf3 0-0 9. Bd3 Ng6 10. 0-0 a5 11. b5 a4 12. c4 Nd7 13. cxd5 exd5 14. Bxg6 hxg6 15. Qxd5 Nc5 16. Qxd8 Rxd8 17. Bd4 Bg4 18. Nbd2 Ba5 19. Bxc5 Bxd2 20. Nxd2 Rxd2 21. f3 Rd5 22. Bd6 Bf5 23. b6 Raa5 24. Rfd1 Rxd1+ 25. Rxd1 Rb5 26. Rd4 Rxb6 27. Rxa4 Rb2 28. Rb4 Rxb4 29. axb4 Be6 30. Kf2 b5 31. h4 f6 32. Ke3 fxe5 33. Bxe5 Bc4 34. Kf4 Bf1 35. g3 Be2 36. Ke4 Bd1 37. Bd4 Kf7 38. f4 Bg4 39. Kd5 Be2 40. Kd6 Bg4 41. Ke5 Be2 42. Ke4 Bg4 43. Ke3 Bd1 44. Ke4 Bg4 1/2-1/2

[Event "Titled Tuesday intern op 25th Apr Late"]
[Site "Chess.com INT"]
[Date "2023.04.25"]
[Round "8"]
[White "Kyrychenko, Maryan"]
[Black "Melikhov, Evgeny V"]
[Result "1-0"]
[WhiteElo "2130"]
[BlackElo "2269"]
[PlyCount "55"]
[EventDate "2023.04.25"]
[EventType "swiss (blitz)"]
[EventRounds "11"]
[EventCountry "USA"]
[SourceTitle "EXT 2024"]
[Source "ChessBase"]
[SourceDate "2023.10.10"]
[SourceVersion "1"]
[SourceVersionDate "2023.10.10"]
[SourceQuality "1"]

1. e4 e5 2. Nf3 Nc6 3. d4 exd4 4. Nxd4 Bc5 5. Nb3 Bb6 6. Nc3 Nf6 7. Qe2 0-0 8. Be3 Re8 9. f3 Bxe3 10. Qxe3 a5 11. a3 a4 12. Nd4 Nxd4 13. Qxd4 d6 14. 0-0-0 Be6 15. Bb5 c6 16. Bxa4 b5 17. Bb3 Bxb3 18. cxb3 d5 19. exd5 Nxd5 20. Nxd5 cxd5 21. Qxd5 Qc7+ 22. Kb1 b4 23. a4 Qb6 24. Rhe1 Rec8 25. Re7 Qg6+ 26. Ka2 h6 27. g3 Qc2 28. Qxf7+ 1-0